Billboard Hot 100 Year-End Singles of 2024 - Statistics

General Stats
  • This quiz has been taken 91 times
    90 since last reset
  • The average score is 43 of 100
Answer Stats
Rank Artist (Version) Answer % Correct
7. Sabrina Carpenter Espresso
97%
62. Lady GaGa, Bruno Mars Die With A Smile
88%
2. Shaboozey A Bar Song (Tipsy)
87%
3. Benson Boone Beautiful Things
86%
15. Billie Eilish Birds Of A Feather
86%
16. Sabrina Carpenter Please Please Please
86%
6. Kendrick Lamar Not Like Us
84%
22. Taylor Swift, Post Malone Fortnight
79%
18. Chappell Roan Good Luck, Babe!
79%
69. Miley Cyrus Flowers
77%
13. Tate McRae Greedy
77%
10. Hozier Too Sweet
77%
1. Teddy Swims Lose Control
75%
54. Mariah Carey All I Want For Christmas Is You
74%
53. Chappell Roan Hot To Go!
74%
4. Post Malone, Morgan Wallen I Had Some Help
74%
86. Sabrina Carpenter Taste
74%
32. Beyonce Texas Hold 'Em
74%
24. Tyla Water
73%
26. Ariana Grande We Can't Be Friends (Wait For Your Love)
71%
74. Wham! Last Christmas
70%
39. Eminem Houdini
68%
43. Dua Lipa Houdini
68%
57. Olivia Rodrigo Vampire
66%
11. Noah Kahan Stick Season
64%
21. Doja Cat Paint The Town Red
62%
92. Ariana Grande Yes, And?
61%
59. Brenda Lee Rockin' Around The Christmas Tree
60%
5. Jack Harlow Lovin On Me
58%
48. Billie Eilish Lunch
58%
89. Billie Eilish Wildflower
56%
12. Taylor Swift Cruel Summer
55%
8. Tommy Richman Million Dollar Baby
55%
38. Kan(Ye) West,Ty Dolla $ign Carnival
53%
19. SZA Saturn
53%
23. Luke Combs Fast Car
52%
25. Sabrina Carpenter Feather
52%
20. SZA Snooze
52%
17. Doja Cat Agora Hills
49%
14. Future, Metro Boomin, Kendrick Lamar Like That
48%
93. Tate McRae Exes
45%
47. Djo End Of Beginning
44%
35. Taylor Swift I Can Do It With A Broken Heart
44%
63. Artemas I Like The Way You Kiss Me
43%
46. Billie Eilish What Was I Made For?
43%
27. Dasha Austin
42%
28. Morgan Wallen Last Night
40%
66. Kendrick Lamar Euphoria
39%
88. Nicki Minaj FTCU
36%
9. Zach Bryan, Kacey Musgraves I Remember Everything
34%
45. Drake, Sexyy Red, SZA Rich Baby Daddy
34%
73. Myles Smith Stargazing
34%
100. Dua Lipa Dance The Night
32%
33. Taylor Swift Is It Over Now?
32%
29. Morgan Wallen, ERNEST Cowgirls
31%
55. Sexyy Red Get It Sexyy
31%
91. Victoria Monet On My Mama
31%
42. 21 Savage Redrum
31%
41. Benson Boone Slow It Down
31%
68. Bobby Helms Jingle Bell Rock
30%
71. Nicki Minaj, Lil Uzi Vert Everybody
29%
61. Drake, J.Cole First Person Shooter
29%
34. Marshmello, Kane Brown Miles On It
29%
51. Future, Metro Boomin,Travis Scott, Playboi Carti Type Sh*t
29%
97. Travis Scott Fe!n
27%
49. Flo Milli Never Lose Me
27%
44. GloRilla Yeah Glo!
27%
94. Burl Ives A Holly Jolly Christmas
26%
99. Taylor Swift Down Bad
26%
79. Usher, Summer Walker, 21 Savage Good Good
26%
40. GloRilla, Megan Thee Stallion Wanna Be
26%
30. Zach Bryan Pink Skies
25%
52. FloyyMenor, Cris MJ Gata Only
23%
56. Muni Long Made For Me
23%
83. Drake, Yeat IDGAF
21%
72. Xavi La Diabla
21%
82. Bad Bunny Monaco
21%
76. Post Malone, Blake Shelton Pour Me A Drink
21%
78. Paul Russell Lil Boo Thang
19%
36. Jessie Murph, Jelly Roll Wild Ones
19%
85. Gunna Fukumean
18%
64. Jelly Roll Need A Favor
18%
58. Bryson Tiller Whatever She Wants
18%
37. Luke Combs Ain't No Love in Oklahoma
17%
65. Jelly Roll, Lainey Wilson Save Me
17%
77. Christ Stapleton White Horse
17%
84. Parker McCollum Burn It Down
16%
75. Jelly Roll I Am Not Okay
16%
81. Koe Wetzel, Jessie Murph High Road
14%
60. Warren Zeiders Pretty Little Poison
14%
31. Morgan Wallen Thinkin' Bout Me
14%
67. Hardy Truck Bed
14%
80. 4Batz, Drake Act II: Date@8
13%
98. Cody Johnson The Painter
13%
87. Bailey Zimmerman Where It Ends
12%
90. Nate Smith World On Fire
12%
50. Morgan Wallen Lies Lies Lies
10%
96. Nate Smith Bulletproof
9%
70. Luke Combs Where The Wild Things Are
9%
95. Tucker Wetmore Wind Up Missin' You
9%
No matching quizzes found
Score Distribution
Percent of People with Each Score
Percentile by Number Answered
Your Score History
You have not taken this quiz since the last reset